[Event "Deutsche Blitz-Einzelmeisterschaft der Frauen 2021"]
[Site "Magdeburg"]
[Date "2021.08.01"]
[Round "9"]
[Board "2"]
[White "Hofmann, Karina"]
[Black "Schlueter, Sabrina"]
[Result "1/2-1/2"]
[WhiteElo "1734"]
[BlackElo "1790"]
[PlyCount "0"]
[EventDate "2021.08.01"]
[EventRounds "21"]
[EventCountry "GER"]

1. f4 {[%clk 0:03:02]} c6 {[%clk 0:03:03]} 2. Nf3 {[%clk 0:03:03]} g6 {[%clk
0:03:05]} 3. e3 {[%clk 0:03:04]} Bg7 {[%clk 0:03:06]} 4. Nc3 {[%clk 0:03:05]} d5
{[%clk 0:03:07]} 5. b3 {[%clk 0:03:05]} Nf6 {[%clk 0:03:08]} 6. Bb2 {[%clk
0:03:07]} Bg4 {[%clk 0:03:08]} 7. h3 {[%clk 0:03:07]} Bxf3 {[%clk 0:03:09]} 8.
Qxf3 {[%clk 0:03:08]} Nbd7 {[%clk 0:03:11]} 9. Be2 {[%clk 0:03:02]} e6 {[%clk
0:03:10]} 10. O-O-O {[%clk 0:03:01]} Qc7 {[%clk 0:03:04]} 11. g4 {[%clk 0:02:52]}
Rg8 {[%clk 0:02:40]} 12. Kb1 {[%clk 0:02:52]} O-O-O {[%clk 0:02:32]} 13. h4
{[%clk 0:03:00]} h5 {[%clk 0:02:29]} 14. gxh5 {[%clk 0:02:52]} Nxh5 {[%clk
0:02:29]} 15. Qg2 {[%clk 0:02:39]} Nhf6 {[%clk 0:02:14]} 16. Na4 {[%clk 0:02:37]}
e5 {[%clk 0:02:00]} 17. fxe5 {[%clk 0:02:34]} Nxe5 {[%clk 0:02:00]} 18. Rdf1
{[%clk 0:02:24]} b5 {[%clk 0:01:29]} 19. Nc5 {[%clk 0:02:20]} Rdf8 {[%clk
0:01:11]} 20. Qg5 {[%clk 0:02:20]} Nfd7 {[%clk 0:00:57]} 21. Nxd7 {[%clk
0:02:12]} Nxd7 {[%clk 0:00:57]} 22. Bg4 {[%clk 0:02:08]} Bxb2 {[%clk 0:00:55]}
23. Kxb2 {[%clk 0:02:02]} f5 {[%clk 0:00:47]} 24. Be2 {[%clk 0:01:57]} Qe5+
{[%clk 0:00:47]} 25. c3 {[%clk 0:01:55]} a5 {[%clk 0:00:29]} 26. Qf4 {[%clk
0:01:46]} Qxf4 {[%clk 0:00:05]} 27. Rxf4 {[%clk 0:01:56]} Kc7 {[%clk 0:00:06]}
28. Rd4 {[%clk 0:01:52]} Ne5 {[%clk 0:00:07]} 29. Rg1 {[%clk 0:01:44]} Rh8 {[%clk
0:00:08]} 30. h5 {[%clk 0:01:36]} gxh5 {[%clk 0:00:08]} 31. Rg7+ {[%clk 0:01:37]}
Kd6 {[%clk 0:00:09]} 32. c4 {[%clk 0:01:27]} bxc4 {[%clk 0:00:10]} 33. bxc4
{[%clk 0:01:28]} h4 {[%clk 0:00:09]} 34. Rf4 {[%clk 0:01:16]} h3 {[%clk 0:00:10]}
35. d4 {[%clk 0:01:10]} Nxc4+ {[%clk 0:00:08]} 36. Bxc4 {[%clk 0:01:10]} dxc4
{[%clk 0:00:10]} 37. Rg1 {[%clk 0:01:07]} h2 {[%clk 0:00:11]} 38. Rh1 {[%clk
0:01:08]} Kd5 {[%clk 0:00:11]} 39. Kc3 {[%clk 0:01:08]} Ke6 {[%clk 0:00:12]} 40.
e4 {[%clk 0:01:05]} fxe4 {[%clk 0:00:13]} 41. Rxf8 {[%clk 0:01:06]} Rxf8 {[%clk
0:00:13]} 42. Rxh2 {[%clk 0:01:08]} Rf3+ {[%clk 0:00:14]} 43. Kxc4 {[%clk
0:01:07]} Kd6 {[%clk 0:00:15]} 44. Rh6+ {[%clk 0:01:07]} Kc7 {[%clk 0:00:15]} 45.
a4 {[%clk 0:01:02]} Rg3 {[%clk 0:00:16]} 46. Re6 {[%clk 0:01:02]} e3 {[%clk
0:00:17]} 47. Kc5 {[%clk 0:01:02]} Kd7 {[%clk 0:00:18]} 48. Rd6+ {[%clk 0:00:53]}
Kc7 {[%clk 0:00:19]} 49. Rxc6+ {[%clk 0:01:03]} Kd7 {[%clk 0:00:20]} 50. Rh6
{[%clk 0:00:53]} e2 {[%clk 0:00:21]} 51. Rh1 {[%clk 0:00:54]} Re3 {[%clk
0:00:22]} 52. Re1 {[%clk 0:00:55]} Kc7 {[%clk 0:00:23]} 53. d5 {[%clk 0:00:49]}
Kd7 {[%clk 0:00:24]} 54. Kd4 {[%clk 0:00:51]} Re8 {[%clk 0:00:25]} 55. Kc5 {[%clk
0:00:47]} Kc7 {[%clk 0:00:25]} 56. Kb5 {[%clk 0:00:47]} Kd6 {[%clk 0:00:25]} 57.
Kxa5 {[%clk 0:00:46]} Kxd5 {[%clk 0:00:28]} 58. Kb4 {[%clk 0:00:47]} Kc6 {[%clk
0:00:29]} 59. Kc4 {[%clk 0:00:47]} Kb6 {[%clk 0:00:29]} 60. Kd3 {[%clk 0:00:46]}
Ka5 {[%clk 0:00:32]} 61. Rxe2 {[%clk 0:00:47]} Rd8+ {[%clk 0:00:33]} 62. Kc3
{[%clk 0:00:47]} Kxa4 {[%clk 0:00:35]} 63. Re4+ {[%clk 0:00:48]} Ka5 {[%clk
0:00:36]} 64. Kb3 {[%clk 0:00:49]} Rb8+ {[%clk 0:00:37]} 65. Kc3 {[%clk 0:00:50]}
Rc8+ {[%clk 0:00:38]}  1/2-1/2

[Event "Deutsche Blitz-Einzelmeisterschaft der Frauen 2021"]
[Site "Magdeburg"]
[Date "2021.08.01"]
[Round "9"]
[Board "3"]
[White "Voicu-Jagodzinsky, Carmen"]
[Black "Braun, Kristin"]
[Result "1-0"]
[WhiteElo "2194"]
[BlackElo "1846"]
[PlyCount "0"]
[EventDate "2021.08.01"]
[EventRounds "21"]
[EventCountry "GER"]

1. e4 {[%clk 0:03:03]} c5 {[%clk 0:03:04]} 2. Nc3 {[%clk 0:03:04]} g6 {[%clk
0:03:05]} 3. f4 {[%clk 0:03:05]} Bg7 {[%clk 0:03:07]} 4. Nf3 {[%clk 0:03:05]} Nc6
{[%clk 0:03:07]} 5. Bb5 {[%clk 0:03:07]} Nd4 {[%clk 0:03:09]} 6. O-O {[%clk
0:02:59]} Nxb5 {[%clk 0:03:10]} 7. Nxb5 {[%clk 0:03:08]} a6 {[%clk 0:03:10]} 8.
Nc3 {[%clk 0:03:09]} d5 {[%clk 0:03:11]} 9. Nxd5 {[%clk 0:03:05]} e6 {[%clk
0:03:04]} 10. Nc3 {[%clk 0:03:05]} Nf6 {[%clk 0:03:02]} 11. d3 {[%clk 0:03:06]}
O-O {[%clk 0:03:03]} 12. Kh1 {[%clk 0:03:06]} b5 {[%clk 0:03:01]} 13. e5 {[%clk
0:03:02]} Nd5 {[%clk 0:02:59]} 14. Ne4 {[%clk 0:03:02]} Bb7 {[%clk 0:02:47]} 15.
Nxc5 {[%clk 0:03:00]} Qc7 {[%clk 0:02:32]} 16. Nxb7 {[%clk 0:02:58]} Qxb7 {[%clk
0:02:33]} 17. c3 {[%clk 0:02:48]} Rfd8 {[%clk 0:02:30]} 18. Qe2 {[%clk 0:02:40]}
Bh6 {[%clk 0:02:26]} 19. Qe4 {[%clk 0:02:36]} Qd7 {[%clk 0:02:09]} 20. Bd2 {[%clk
0:02:19]} Rac8 {[%clk 0:01:53]} 21. Rad1 {[%clk 0:02:10]} Nb6 {[%clk 0:01:48]}
22. d4 {[%clk 0:02:05]} Nc4 {[%clk 0:01:44]} 23. Bc1 {[%clk 0:02:06]} a5 {[%clk
0:01:33]} 24. h4 {[%clk 0:01:46]} Qe7 {[%clk 0:01:26]} 25. Ng5 {[%clk 0:01:47]}
Nb6 {[%clk 0:01:11]} 26. Rf3 {[%clk 0:01:32]} Nd5 {[%clk 0:01:09]} 27. Kh2 {[%clk
0:01:33]} b4 {[%clk 0:00:44]} 28. Qe1 {[%clk 0:01:21]} bxc3 {[%clk 0:00:36]} 29.
bxc3 {[%clk 0:01:22]} Rc4 {[%clk 0:00:35]} 30. Ne4 {[%clk 0:01:23]} Rc6 {[%clk
0:00:29]} 31. g3 {[%clk 0:01:18]} Rdc8 {[%clk 0:00:24]} 32. Nd6 {[%clk 0:01:13]}
R8c7 {[%clk 0:00:26]} 33. c4 {[%clk 0:01:13]} Nb6 {[%clk 0:00:13]} 34. Ba3 {[%clk
0:01:11]} Qd8 {[%clk 0:00:05]} 35. c5 {[%clk 0:00:59]} Nd5 {[%clk 0:00:14]} 36.
Qxa5 {[%clk 0:00:59]} Qb8 {[%clk 0:00:13]} 37. Rb3 {[%clk 0:00:59]} Qf8 {[%clk
0:00:12]} 38. Rdb1 {[%clk 0:00:59]} Nxf4 {[%clk 0:00:12]} 39. Rb8 {[%clk
0:00:57]} Rc8 {[%clk 0:00:12]} 40. Nxc8 {[%clk 0:00:57]} Rxc8 {[%clk 0:00:13]}
41. Rxc8 {[%clk 0:00:48]} Qxc8 {[%clk 0:00:13]} 42. Qa7 {[%clk 0:00:46]} Nd5
{[%clk 0:00:04]} 43. Rb8 {[%clk 0:00:46]} Qxb8 {[%clk 0:00:04]} 44. Qxb8+ {[%clk
0:00:47]} Kg7 {[%clk 0:00:15]} 45. c6 {[%clk 0:00:45]} Be3 {[%clk 0:00:16]} 46.
c7 {[%clk 0:00:46]} Nxc7 {[%clk 0:00:17]} 47. Qxc7 {[%clk 0:00:47]}  1-0

[Event "Deutsche Blitz-Einzelmeisterschaft der Frauen 2021"]
[Site "Magdeburg"]
[Date "2021.08.01"]
[Round "9"]
[Board "4"]
[White "Stangl, Anita"]
[Black "Kosovska, Olena"]
[Result "1-0"]
[WhiteElo "1982"]
[BlackElo "1965"]
[PlyCount "0"]
[EventDate "2021.08.01"]
[EventRounds "21"]
[EventCountry "GER"]

1. e4 {[%clk 0:03:04]} c5 {[%clk 0:03:02]} 2. Nf3 {[%clk 0:02:56]} Nc6 {[%clk
0:03:03]} 3. d4 {[%clk 0:03:06]} cxd4 {[%clk 0:03:03]} 4. Nxd4 {[%clk 0:03:07]}
e5 {[%clk 0:03:04]} 5. Nf3 {[%clk 0:03:06]} Nf6 {[%clk 0:03:03]} 6. Bg5 {[%clk
0:03:00]} Bb4+ {[%clk 0:03:00]} 7. c3 {[%clk 0:03:01]} Be7 {[%clk 0:03:01]} 8.
Bd3 {[%clk 0:02:57]} O-O {[%clk 0:03:00]} 9. O-O {[%clk 0:02:57]} d6 {[%clk
0:02:51]} 10. h3 {[%clk 0:02:55]} Be6 {[%clk 0:02:51]} 11. Re1 {[%clk 0:02:54]}
Qb6 {[%clk 0:02:59]} 12. Qc1 {[%clk 0:02:42]} Rac8 {[%clk 0:02:59]} 13. Nbd2
{[%clk 0:02:36]} h6 {[%clk 0:02:57]} 14. Bh4 {[%clk 0:02:36]} Rfd8 {[%clk
0:02:48]} 15. a3 {[%clk 0:02:36]} Nd7 {[%clk 0:02:08]} 16. Bxe7 {[%clk 0:02:28]}
Nxe7 {[%clk 0:02:09]} 17. c4 {[%clk 0:02:18]} Ng6 {[%clk 0:02:08]} 18. b4 {[%clk
0:02:10]} Nf4 {[%clk 0:02:08]} 19. Bf1 {[%clk 0:02:11]} Nf6 {[%clk 0:01:48]} 20.
Kh2 {[%clk 0:02:09]} Qxf2 {[%clk 0:01:43]} 21. c5 {[%clk 0:01:53]} Nxh3 {[%clk
0:01:30]} 22. Re2 {[%clk 0:01:40]} Ng4+ {[%clk 0:01:12]} 23. Kxh3 {[%clk
0:01:40]} Ne3+ {[%clk 0:01:03]} 24. Kh2 {[%clk 0:01:41]} Nxf1+ {[%clk 0:01:02]}
25. Qxf1 {[%clk 0:01:37]} Qxf1 {[%clk 0:00:59]} 26. Rxf1 {[%clk 0:01:37]} dxc5
{[%clk 0:00:51]} 27. bxc5 {[%clk 0:01:28]} Rxc5 {[%clk 0:01:00]} 28. Rb1 {[%clk
0:01:26]} b6 {[%clk 0:00:59]} 29. Rb2 {[%clk 0:01:24]} Rc3 {[%clk 0:01:00]} 30.
a4 {[%clk 0:01:15]} Ra3 {[%clk 0:00:57]} 31. Rb4 {[%clk 0:00:46]} Rd6 {[%clk
0:00:57]} 32. Nxe5 {[%clk 0:00:41]} Ra2 {[%clk 0:00:49]} 33. Nef3 {[%clk
0:00:41]} Bg4 {[%clk 0:00:46]} 34. e5 {[%clk 0:00:32]} Re6 {[%clk 0:00:39]} 35.
Rxg4 {[%clk 0:00:33]} h5 {[%clk 0:00:38]} 36. Rd4 {[%clk 0:00:34]} Kh7 {[%clk
0:00:38]} 37. Rd6 {[%clk 0:00:35]} Re7 {[%clk 0:00:36]} 38. Re1 {[%clk 0:00:34]}
Rxa4 {[%clk 0:00:35]} 39. Rc1 {[%clk 0:00:35]} b5 {[%clk 0:00:32]} 40. Ng5+
{[%clk 0:00:36]} Kg8 {[%clk 0:00:29]} 41. Rc8+ {[%clk 0:00:38]}  1-0

[Event "Deutsche Blitz-Einzelmeisterschaft der Frauen 2021"]
[Site "Magdeburg"]
[Date "2021.08.01"]
[Round "9"]
[Board "5"]
[White "Albayrak, Berrak"]
[Black "Noll, Sonja"]
[Result "1-0"]
[WhiteElo "1491"]
[BlackElo "1707"]
[PlyCount "0"]
[EventDate "2021.08.01"]
[EventRounds "21"]
[EventCountry "GER"]

1. e4 {[%clk 0:03:03]} Nf6 {[%clk 0:03:03]} 2. e5 {[%clk 0:03:04]} Nd5 {[%clk
0:03:04]} 3. d4 {[%clk 0:03:05]} d6 {[%clk 0:03:05]} 4. exd6 {[%clk 0:03:06]}
cxd6 {[%clk 0:03:06]} 5. c4 {[%clk 0:03:03]} Nb6 {[%clk 0:02:58]} 6. Nc3 {[%clk
0:03:02]} g6 {[%clk 0:03:04]} 7. Be3 {[%clk 0:02:59]} Bg7 {[%clk 0:03:04]} 8. Qd2
{[%clk 0:02:55]} O-O {[%clk 0:03:00]} 9. Bh6 {[%clk 0:02:46]} Nc6 {[%clk
0:02:59]} 10. Bxg7 {[%clk 0:02:46]} Kxg7 {[%clk 0:03:00]} 11. h3 {[%clk 0:02:20]}
Bd7 {[%clk 0:02:58]} 12. Nf3 {[%clk 0:02:20]} Rc8 {[%clk 0:02:49]} 13. Bd3 {[%clk
0:02:04]} Nb4 {[%clk 0:02:53]} 14. b3 {[%clk 0:01:54]} Nxd3+ {[%clk 0:02:49]} 15.
Qxd3 {[%clk 0:01:55]} Bf5 {[%clk 0:02:49]} 16. Qe3 {[%clk 0:01:39]} Re8 {[%clk
0:02:37]} 17. O-O {[%clk 0:01:30]} e5 {[%clk 0:02:33]} 18. dxe5 {[%clk 0:01:36]}
dxe5 {[%clk 0:02:34]} 19. Rad1 {[%clk 0:01:07]} Qc7 {[%clk 0:02:24]} 20. Nd5
{[%clk 0:00:55]} Nxd5 {[%clk 0:02:22]} 21. Rxd5 {[%clk 0:00:56]} Be6 {[%clk
0:02:22]} 22. Rxe5 {[%clk 0:00:56]} Qc6 {[%clk 0:01:47]} 23. Nd4 {[%clk 0:00:47]}
Qd6 {[%clk 0:01:40]} 24. Nxe6+ {[%clk 0:00:46]} fxe6 {[%clk 0:01:40]} 25. Re1
{[%clk 0:00:44]} Rc6 {[%clk 0:01:40]} 26. Qxa7 {[%clk 0:00:31]} Re7 {[%clk
0:01:34]} 27. Qe3 {[%clk 0:00:27]} Ra6 {[%clk 0:01:33]} 28. Qc3 {[%clk 0:00:23]}
Kg8 {[%clk 0:01:29]} 29. a4 {[%clk 0:00:14]} Rf7 {[%clk 0:01:28]} 30. Qe3 {[%clk
0:00:10]} Rf6 {[%clk 0:01:18]} 31. g4 {[%clk 0:00:04]} Qf8 {[%clk 0:01:16]} 32.
g5 {[%clk 0:00:06]} Rf3 {[%clk 0:01:14]} 33. Qe4 {[%clk 0:00:04]} Rxh3 {[%clk
0:01:04]} 34. Rxe6 {[%clk 0:00:05]} Rxe6 {[%clk 0:01:02]} 35. Qxe6+ {[%clk
0:00:06]} Kg7 {[%clk 0:01:00]} 36. Qxh3 {[%clk 0:00:08]} Qf4 {[%clk 0:00:56]} 37.
Qd7+ {[%clk 0:00:09]} Kf8 {[%clk 0:00:56]} 38. Re8# {[%clk 0:00:09]}  1-0

[Event "Deutsche Blitz-Einzelmeisterschaft der Frauen 2021"]
[Site "Magdeburg"]
[Date "2021.08.01"]
[Round "9"]
[Board "6"]
[White "Muetsch, Annmarie"]
[Black "Ries, Jutta"]
[Result "1-0"]
[WhiteElo "2294"]
[BlackElo "2094"]
[PlyCount "0"]
[EventDate "2021.08.01"]
[EventRounds "21"]
[EventCountry "GER"]

1. e4 {[%clk 0:03:02]} Nf6 {[%clk 0:03:03]} 2. e5 {[%clk 0:03:03]} Nd5 {[%clk
0:03:04]} 3. d4 {[%clk 0:03:04]} d6 {[%clk 0:03:05]} 4. Bc4 {[%clk 0:03:03]} Nb6
{[%clk 0:03:06]} 5. Bd3 {[%clk 0:02:57]} g6 {[%clk 0:03:05]} 6. Ne2 {[%clk
0:02:51]} Bg7 {[%clk 0:03:06]} 7. f4 {[%clk 0:02:48]} O-O {[%clk 0:03:04]} 8. O-O
{[%clk 0:02:44]} c5 {[%clk 0:02:41]} 9. c3 {[%clk 0:02:40]} c4 {[%clk 0:02:35]}
10. Bc2 {[%clk 0:02:37]} d5 {[%clk 0:02:35]} 11. f5 {[%clk 0:02:34]} N8d7 {[%clk
0:02:20]} 12. Nf4 {[%clk 0:02:27]} Nxe5 {[%clk 0:01:42]} 13. dxe5 {[%clk
0:02:26]} Bxe5 {[%clk 0:01:43]} 14. Be3 {[%clk 0:02:16]} Qd6 {[%clk 0:01:39]} 15.
Nd2 {[%clk 0:02:10]} Bxf5 {[%clk 0:01:24]} 16. Bxf5 {[%clk 0:02:09]} gxf5 {[%clk
0:01:25]} 17. Qh5 {[%clk 0:02:04]} Kh8 {[%clk 0:00:55]} 18. Qxf5 {[%clk 0:01:57]}
Nd7 {[%clk 0:00:48]} 19. Nf3 {[%clk 0:01:53]} Bg7 {[%clk 0:00:44]} 20. Ng5 {[%clk
0:01:41]} Nf6 {[%clk 0:00:42]} 21. Nh5 {[%clk 0:01:34]} Qd7 {[%clk 0:00:12]} 22.
Qc2 {[%clk 0:01:15]} Ne4 {[%clk 0:00:10]} 23. Nxe4 {[%clk 0:01:14]} dxe4 {[%clk
0:00:10]} 24. Qxe4 {[%clk 0:01:11]} f5 25. Qh4 {[%clk 0:01:03]} e5 {[%clk
0:00:09]} 26. Nxg7 {[%clk 0:00:58]} Qxg7 {[%clk 0:00:09]} 27. Bh6 {[%clk
0:00:58]} Qf6 {[%clk 0:00:08]} 28. Qxf6+ {[%clk 0:00:49]} Rxf6 {[%clk 0:00:10]}
29. Bg5 {[%clk 0:00:47]} Rf7 {[%clk 0:00:02]} 30. Rae1 {[%clk 0:00:46]} Re8
{[%clk 0:00:02]} 31. Rf2 {[%clk 0:00:41]} Kg7 {[%clk 0:00:11]} 32. Rfe2 {[%clk
0:00:40]} e4 {[%clk 0:00:12]} 33. g3 {[%clk 0:00:37]} Kg6 {[%clk 0:00:13]} 34.
Bf4 {[%clk 0:00:38]} Rd7 {[%clk 0:00:14]} 35. Rd2 {[%clk 0:00:30]} Red8 {[%clk
0:00:15]} 36. Red1 {[%clk 0:00:30]} Rd3 {[%clk 0:00:15]} 37. Rxd3 {[%clk
0:00:27]} cxd3 {[%clk 0:00:16]} 38. Kf2 {[%clk 0:00:28]} Rd5 {[%clk 0:00:17]} 39.
b3 {[%clk 0:00:24]} Ra5 {[%clk 0:00:09]} 40. Rd2 {[%clk 0:00:25]} b5 {[%clk
0:00:18]} 41. Ke3 {[%clk 0:00:21]} Ra6 {[%clk 0:00:19]} 42. g4 {[%clk 0:00:19]}
Rc6 {[%clk 0:00:20]} 43. Be5 {[%clk 0:00:17]} a5 {[%clk 0:00:21]} 44. Bd4 {[%clk
0:00:15]} b4 {[%clk 0:00:21]} 45. c4 {[%clk 0:00:14]} h6 {[%clk 0:00:21]} 46.
gxf5+ {[%clk 0:00:05]} Kxf5 {[%clk 0:00:23]} 47. Rf2+ {[%clk 0:00:15]} Kg4 {[%clk
0:00:23]} 48. Kxe4 {[%clk 0:00:15]} Re6+ {[%clk 0:00:23]} 49. Kxd3 {[%clk
0:00:16]} Ra6 {[%clk 0:00:22]} 50. c5 {[%clk 0:00:11]} h5 {[%clk 0:00:22]} 51.
Kc4 {[%clk 0:00:13]} h4 {[%clk 0:00:22]} 52. Kb5 {[%clk 0:00:13]} Ra8 {[%clk
0:00:21]} 53. c6 {[%clk 0:00:14]} h3 {[%clk 0:00:20]} 54. c7 {[%clk 0:00:13]} a4
{[%clk 0:00:19]} 55. bxa4 {[%clk 0:00:02]} Kg5 {[%clk 0:00:17]} 56. Kc6 {[%clk
0:00:02]} Rxa4 {[%clk 0:00:09]} 57. c8=Q {[%clk 0:00:11]} Rxa2 {[%clk 0:00:10]}
58. Qg8+ {[%clk 0:00:09]} Kh5 {[%clk 0:00:10]} 59. Rf5+ {[%clk 0:00:09]} Kh6
{[%clk 0:00:09]} 60. Be3# {[%clk 0:00:10]}  1-0

[Event "Deutsche Blitz-Einzelmeisterschaft der Frauen 2021"]
[Site "Magdeburg"]
[Date "2021.08.01"]
[Round "9"]
[Board "7"]
[White "Skogvall, Martina"]
[Black "Brunner, Sophia"]
[Result "0-1"]
[WhiteElo "2014"]
[BlackElo "1741"]
[PlyCount "0"]
[EventDate "2021.08.01"]
[EventRounds "21"]
[EventCountry "GER"]

1. e4 {[%clk 0:03:03]} e6 {[%clk 0:03:02]} 2. d4 {[%clk 0:02:54]} d5 {[%clk
0:03:02]} 3. e5 {[%clk 0:03:05]} c5 {[%clk 0:03:04]} 4. Qg4 {[%clk 0:03:05]} Qa5+
{[%clk 0:02:47]} 5. Bd2 {[%clk 0:02:55]} Qa4 {[%clk 0:02:48]} 6. c3 {[%clk
0:02:36]} Nc6 {[%clk 0:02:46]} 7. Nf3 {[%clk 0:02:30]} c4 {[%clk 0:02:30]} 8. Be2
{[%clk 0:02:21]} b5 {[%clk 0:02:31]} 9. O-O {[%clk 0:02:13]} Nge7 {[%clk
0:02:29]} 10. Bd1 {[%clk 0:01:55]} Qa6 {[%clk 0:02:28]} 11. Bc2 {[%clk 0:01:38]}
Qb6 {[%clk 0:02:25]} 12. a3 {[%clk 0:01:32]} a5 {[%clk 0:02:21]} 13. Be3 {[%clk
0:01:29]} Rb8 {[%clk 0:02:16]} 14. Nbd2 {[%clk 0:01:23]} Nf5 {[%clk 0:01:45]} 15.
Ng5 {[%clk 0:01:17]} Nce7 {[%clk 0:01:05]} 16. Qf3 {[%clk 0:01:12]} h6 {[%clk
0:00:50]} 17. Nxf7 {[%clk 0:01:11]} Kxf7 {[%clk 0:00:51]} 18. g4 {[%clk 0:01:12]}
g6 {[%clk 0:00:43]} 19. gxf5 {[%clk 0:01:02]} exf5 {[%clk 0:00:24]} 20. Rfe1
{[%clk 0:00:54]} Be6 {[%clk 0:00:25]} 21. b4 {[%clk 0:00:44]} a4 {[%clk 0:00:23]}
22. Qg3 {[%clk 0:00:35]} g5 {[%clk 0:00:11]} 23. Qh3 {[%clk 0:00:23]} Bg7 {[%clk
0:00:09]} 24. Qh5+ {[%clk 0:00:21]} Ng6 {[%clk 0:00:09]} 25. Nf3 {[%clk 0:00:13]}
Qc7 {[%clk 0:00:10]} 26. Bb1 {[%clk 0:00:06]} Qe7 {[%clk 0:00:11]} 27. Bc2 {[%clk
0:00:07]} Rbg8 {[%clk 0:00:09]} 28. Kh1 {[%clk 0:00:08]} Bf8 {[%clk 0:00:10]} 29.
Rg1 {[%clk 0:00:06]} f4 {[%clk 0:00:12]} 30. Bd2 {[%clk 0:00:06]} Rg7 {[%clk
0:00:04]} 31. Bxg6+ {[%clk 0:00:07]} Rxg6 {[%clk 0:00:06]} 32. Nh4 {[%clk
0:00:07]} Rg8 {[%clk 0:00:04]} 33. Nxg6 {[%clk 0:00:07]} Rxg6 {[%clk 0:00:05]}
34. Bxf4 {[%clk 0:00:06]} Bf5 {[%clk 0:00:06]} 35. Be3 {[%clk 0:00:06]} Qe6
{[%clk 0:00:06]} 36. Qf3 {[%clk 0:00:07]} Kg7 {[%clk 0:00:08]} 37. h4 {[%clk
0:00:07]} Be4 {[%clk 0:00:09]} 38. Qxe4 {[%clk 0:00:07]} dxe4 {[%clk 0:00:10]}
39. Rg3 {[%clk 0:00:08]} gxh4 {[%clk 0:00:11]} 40. Rxg6+ {[%clk 0:00:08]} Kxg6
{[%clk 0:00:12]} 41. Rg1+ {[%clk 0:00:09]} Kh7 {[%clk 0:00:14]} 42. Kh2 {[%clk
0:00:05]} Be7 {[%clk 0:00:14]} 43. Rd1 {[%clk 0:00:03]} Qg4 {[%clk 0:00:12]} 44.
Rg1 {[%clk 0:00:04]} Qf3 {[%clk 0:00:12]} 45. Rg2 {[%clk 0:00:03]} Bg5 {[%clk
0:00:11]} 46. Bxg5 {[%clk 0:00:03]} hxg5 {[%clk 0:00:11]} 47. Rxg5 {[%clk
0:00:03]} Qxf2+ {[%clk 0:00:11]} 48. Rg2 Qf4+ {[%clk 0:00:11]} 49. Kh3 e3 {[%clk
0:00:11]}  0-1

[Event "Deutsche Blitz-Einzelmeisterschaft der Frauen 2021"]
[Site "Magdeburg"]
[Date "2021.08.01"]
[Round "9"]
[Board "8"]
[White "Zeller, Elisa"]
[Black "Moenster, Madita"]
[Result "1-0"]
[WhiteElo "1917"]
[BlackElo "1889"]
[PlyCount "0"]
[EventDate "2021.08.01"]
[EventRounds "21"]
[EventCountry "GER"]

1. e4 {[%clk 0:03:03]} c5 {[%clk 0:03:03]} 2. Nf3 {[%clk 0:03:04]} d6 {[%clk
0:03:05]} 3. d4 {[%clk 0:03:05]} cxd4 {[%clk 0:03:05]} 4. Nxd4 {[%clk 0:03:04]}
Nf6 {[%clk 0:03:05]} 5. Nc3 {[%clk 0:03:05]} a6 {[%clk 0:03:06]} 6. Be2 {[%clk
0:03:00]} e5 {[%clk 0:03:07]} 7. Nb3 {[%clk 0:02:59]} Be7 {[%clk 0:02:58]} 8. O-O
{[%clk 0:02:58]} O-O {[%clk 0:02:58]} 9. Bg5 {[%clk 0:02:50]} h6 {[%clk 0:03:02]}
10. Bxf6 {[%clk 0:02:50]} Bxf6 {[%clk 0:03:02]} 11. Nd5 {[%clk 0:02:50]} Bg5
{[%clk 0:02:48]} 12. c4 {[%clk 0:02:43]} Nc6 {[%clk 0:02:43]} 13. Nd2 {[%clk
0:02:09]} Be6 {[%clk 0:02:28]} 14. Nf3 {[%clk 0:02:10]} f5 {[%clk 0:02:16]} 15.
Nxg5 {[%clk 0:01:40]} hxg5 {[%clk 0:02:16]} 16. exf5 {[%clk 0:01:32]} Bxf5 {[%clk
0:02:00]} 17. Bg4 {[%clk 0:01:26]} Qd7 {[%clk 0:01:50]} 18. Nb6 {[%clk 0:01:18]}
Bxg4 {[%clk 0:01:23]} 19. Nxd7 {[%clk 0:01:18]} Bxd1 {[%clk 0:01:24]} 20. Nxf8
{[%clk 0:01:18]} Be2 {[%clk 0:01:23]} 21. Rfe1 {[%clk 0:01:13]} Bxc4 {[%clk
0:01:14]} 22. Nd7 {[%clk 0:01:11]} Be6 {[%clk 0:01:01]} 23. Nb6 {[%clk 0:01:11]}
Rd8 {[%clk 0:01:02]} 24. Red1 {[%clk 0:01:00]} d5 {[%clk 0:00:59]} 25. b3 {[%clk
0:00:55]} d4 {[%clk 0:00:52]} 26. Rac1 {[%clk 0:00:53]} e4 {[%clk 0:00:48]} 27.
Na4 {[%clk 0:00:49]} d3 {[%clk 0:00:33]} 28. Nc5 {[%clk 0:00:44]} Bc8 {[%clk
0:00:31]} 29. Nxe4 {[%clk 0:00:40]} Nb4 {[%clk 0:00:30]} 30. a3 {[%clk 0:00:28]}
Nc6 {[%clk 0:00:26]} 31. Nc5 {[%clk 0:00:24]} Ne5 {[%clk 0:00:24]} 32. Rc3 {[%clk
0:00:18]} Bf5 {[%clk 0:00:13]} 33. f3 {[%clk 0:00:18]} d2 {[%clk 0:00:12]} 34.
Nxb7 {[%clk 0:00:15]} Rd4 {[%clk 0:00:11]} 35. Nc5 {[%clk 0:00:07]} Ng6 {[%clk
0:00:06]} 36. b4 {[%clk 0:00:16]} Nf4 {[%clk 0:00:06]} 37. Kf2 {[%clk 0:00:14]}
Rd5 {[%clk 0:00:07]} 38. Re3 {[%clk 0:00:12]} Bc2 {[%clk 0:00:05]} 39. Ra1 {[%clk
0:00:09]}  1-0